LEADER 01589nam a2200301 i 4500 001 000000174729 003 CaOOAMICUS 005 20080930000000.0 008 080930s2004 it u000 u ita u 013 $a152205 020 $a88-01-03022-3 040 $aSeMil$bita 245 13$aLa Bibbia nella catechesi, perché e come :$briscoprire la Bibbia per riscoprire la fede : problemi, confronti, proposte /$cCesare Bissoli, Giuseppe Morante (a cura di) 260 $aLeumann (TO) :$bElledici,$c2004. 300 $a216 p. ;$c21 cm. 490 0 $aCatechesi e cultura oggi 500 $aTemi svolti al 3. Forum Catechetico, Roma, 20-22 giugno 2003. 650 4$aBibbia - Catechesi.$0(OLS)http://semarc/subject/895 700 1 $aMorante, Giuseppe.$0(OLS)http://semarc/name/44460 700 1 $aBissoli, Cesare.$0(OLS)http://semarc/name/510 711 0 $aUniversità Pontificia Salesiana : Istituto di Catechetica : Forum Catechetico «Perché e come la Bibbia nella catechesi?» <3. ; 2003 ; Roma>.$0(OLS)http://semarc/name/65204 830 0$aCatechesi e cultura oggi [Elledici].$0(OLS)http://semarc/title/9373 850 $aSeMil 852 $aSeMil$W1$xVenegono$y1$m2C III 524$j125559$B125559$CSeMilBibl$Z2$F136505 $81 961 $aOmaggio: Lorenzi don Ugo 996 $6020$a88-01-03022-3$9(OLS)http://semarc/number/162700 996 $6245$aLa Bibbia nella catechesi, perché e come :$briscoprire la Bibbia per riscoprire la fede : problemi, confronti, proposte$9(OLS)http://semarc/title/250493 996 $6260$aLeumann (TO) :$bElledici$9(OLS)http://semarc/publisher/29715 LEADER 01177nam a2200289 i 4500 001 000000035382 003 CaOOAMICUS 005 20181102112302.0 008 140109s1989 it u000 u ita u 013 $a3583 020 $a88-7105-002-9 040 $aSeMil$bita 100 1 $aMoioli, Giovanni,$d<1931-1984>.$0(OLS)http://semarc/name/511 245 10$aCristologia :$bproposta sistematica /$cGiovanni Moioli ; a cura di F. G. Brambilla. 260 $aMilano :$bGlossa,$c1989. 300 $a351 p. ;$c24 cm. 490 0 $aLectio [Glossa] ;$v1. 650 4$aCristologia.$0(OLS)http://semarc/subject/173 700 1 $aBrambilla, Franco Giulio,$c.$0(OLS)http://semarc/name/13164 830 0$aLectio ;$v1.$0(OLS)http://semarc/title/419673 850 $aSeMil 852 $aSeMil$W1$xVenegono$y1$m2KA J 1$j228273$B1537$CSeMilBibl$Z2$F1537 $81 961 $aOmaggio: Brambilla don Franco Giulio 996 $6020$a88-7105-002-9$9(OLS)http://semarc/number/3576 996 $6245$aCristologia :$bproposta sistematica$9(OLS)http://semarc/title/48406 996 $6260$aMilano :$bGlossa$9(OLS)http://semarc/publisher/29635